| 000 | 00516nam a2200169 a 4500 | ||
|---|---|---|---|
| 001 | 000034246 | ||
| 005 | 20200930070912.0 | ||
| 008 | 110929s2003 cu 000 0 spa d | ||
| 020 | _a9592581746 | ||
| 040 |
_aDO-SdBNP _bspa _cBNPHU |
||
| 245 | 0 | 3 |
_aLa educación de valores en el contexto universitario / _cVictoria Ojalvo Mitrany... [et al.]. |
| 250 | _a2a ed. | ||
| 260 |
_aLa Habana : _bCEPES _bFélix Varela, _c2003. |
||
| 300 |
_a249 p. ; _c26 cm. |
||
| 700 | 1 |
_aOjalvo Mitrany, Victoria _959663 |
|
| 049 | _aBNPD | ||
| 999 |
_c33737 _d33737 |
||